| 000 | 00368nam a2200157Ia 4500 | ||
|---|---|---|---|
| 005 | 20250411045213.0 | ||
| 008 | 240331s9999 xx 000 0 und d | ||
| 020 | _a9789555995023 | ||
| 082 |
_bRUP _a891 |
||
| 100 | _aRupasinghe, S | ||
| 245 | 0 | _aSakuna Rasi | |
| 260 |
_aMoratuwa _bSarvathoiya vishwaleka _c2010 |
||
| 300 | _a46 p ., | ||
| 650 | _aPoems | ||
| 942 | _cL | ||
| 999 |
_c5750 _d5750 |
||